000 00270 a2200133 4500
001 62952
040 _cAnchieta - Pituba
240 1 0 _aCadernos negros
_lpor
245 1 0 _aCadernos negros
300 _a141
362 0 _a1998
650 4 _aPoesia brasileira
942 _cBK
999 _c62952
_d62952